| 000 | 00994nam a2200289 i 4500 | ||
|---|---|---|---|
| 005 | 20260330160305.0 | ||
| 008 | 260330t20252025my ao gr o001 0cmay d | ||
| 020 |
_a9789834947705 _cRM51.00 _qpaperback |
||
| 040 |
_aPPAK _beng _cPPAK _erda |
||
| 082 | 0 | 4 |
_223 _a617.601 |
| 090 | 0 | 0 |
_a617.601 _bFAR _dG |
| 100 | 0 |
_aFarid Che Ghazali, _cKapten (B) Dr., _eauthor. |
|
| 245 | 1 | 0 |
_aBICARA TENTANG GIGI DAN MULUT / _cFARID CHE GHAZALI, NUR FATHIAH FARID |
| 264 | 1 |
_aKuala Lumpur : _bDewan Bahasa dan Pustaka, _c2025 |
|
| 264 | 4 | _c©2025 | |
| 300 |
_axviii, 186 pages : _bcolour illustrations, colour photographs ; _c23 cm |
||
| 336 |
_atext _2rdacontent |
||
| 337 |
_aunmediated _2rdamedia |
||
| 338 |
_avolume _2rdacarrier |
||
| 500 | _aIncludes index | ||
| 504 | _aBibliography: pages 171-179 | ||
| 650 | 1 | 0 |
_aTeeth _xCare and hygiene |
| 650 | 2 | 0 |
_aMouth _xCare and hygiene |
| 650 | 2 | 0 | _aDental care |
| 700 | 0 |
_aNur Fathiah Farid, _cDr. _eauthor. |
|
| 942 |
_2ddc _cB |
||
| 999 |
_c203588 _d203588 |
||